Statistics for Countries That Neymar Scored Against

Click here to take the quiz!

General Stats

  • This quiz has been taken 110 times
    (46 since last reset)
  • The average score is 19 of 28

Answer Stats

Country Goals Year % Correct
Argentina32016
93%
Germany12011
89%
Mexico22018
89%
Chile12013
89%
United States42015
84%
Spain12013
84%
Uruguay12017
84%
Colombia22014
82%
Japan82017
80%
France12015
75%
Portugal12013
75%
Peru42020
75%
Italy12013
73%
Ecuador32016
70%
Costa Rica22018
70%
Bolivia32016
68%
Paraguay12017
68%
Croatia32018
61%
Australia12013
59%
South Korea12013
59%
Cameroon22014
57%
China32012
50%
Austria12018
50%
South Africa32014
50%
Scotland22011
48%
Panama12014
36%
Turkey22014
36%
Iraq12012
18%

Score Distribution

Percentile by Number Answered

Percent of People with Each Score

Your Score History

You have not taken this quiz since the last reset